Central Library OPAC University of Rajshahi

হিজরত / (Record no. 41575)

MARC details
000 -LEADER
fixed length control field 00784nam a2200229 a 4500
001 - CONTROL NUMBER
control field 41575
003 - CONTROL NUMBER IDENTIFIER
rucl marc code BD-RjUL
005 - DATE AND TIME OF LATEST TRANSACTION
control field 20211209053420.0
008 - FIXED-LENGTH DATA ELEMENTS--GENERAL INFORMATION
fixed length control field 160602s1991 bg ||||| |||| 00| 0 ben d
020 ## - INTERNATIONAL STANDARD BOOK NUMBER
Terms of availability : Tk.45.00
035 ## - SYSTEM CONTROL NUMBER
System control number (BD-RjUL)41693
040 ## - CATALOGING SOURCE
Original cataloging agency BD-RjUL
Language of cataloging ben
Transcribing agency BD-RjUL
041 ## - LANGUAGE CODE
Language code of text/sound track or separate title ben
082 ## - DEWEY DECIMAL CLASSIFICATION NUMBER
Edition number 23
Classification number 297.634
Author mark and year UDH 1991
100 ## - MAIN ENTRY--PERSONAL NAME
Personal name উদ-দীন, মুহাম্মদ হাসার
9 (RLIN) 127742
245 10 - TITLE STATEMENT
Title হিজরত /
Statement of responsibility, etc. মুহাম্মদ হাসার উদ-দীন,
260 ## - PUBLICATION, DISTRIBUTION, ETC. (IMPRINT)
Place of publication, distribution, etc. নাটোর :
Name of publisher, distributor, etc. মির্জা মাহবুব- আরা হাফিজ,
Date of publication, distribution, etc. ১৯৯১
300 ## - PHYSICAL DESCRIPTION
Pagination [২], ১৪৭ পৃ. ;
Size ২১ সেমি.
650 ## - SUBJECT ADDED ENTRY--TOPICAL TERM
Topical term or geographic name as entry element হিজরত
9 (RLIN) 127743
Topical term or geographic name as entry element Hijrah
9 (RLIN) 127744
942 ## - ADDED ENTRY ELEMENTS (KOHA)
Source of classification or shelving scheme Dewey Decimal Classification
Koha item type Books
Holdings
Lost status Source of classification or shelving scheme Damaged status Not for loan Permanent Location Current Location Shelving location Date acquired Source of acquisition Cost, normal purchase price Total Checkouts Full call number Date last seen Copy number Koha item type
  Dewey Decimal Classification     Central Library, University of Rajshahi Central Library, University of Rajshahi   23/11/1991 Hasan uddin 0.00   B 297.634 UDH 1991 02/06/2016 C-2 Books